[Event "CEDIS Festival saha 2024 - 3. turnir"]
[Site "Podgorica"]
[Date "2024.06.07"]
[Round "1.1"]
[White "Doderovic, Aleksa"]
[Black "Milosevic, Aleksandar"]
[Result "0-1"]
[WhiteElo "1825"]
[BlackElo "2116"]
[PlyCount "82"]
[EventDate "2024.06.07"]
[EventType "swiss"]
[EventRounds "5"]
[EventCountry "MNE"]
[SourceDate "2024.06.10"]

1. d4 e6 2. c4 d5 3. Nc3 a6 4. cxd5 exd5 5. Qc2 Nf6 6. Bg5 c6 7. e3 Bd6 8. Bd3
h6 9. Bh4 Be6 10. Nge2 Nbd7 11. h3 Qc7 12. Bg3 Nb6 13. b3 Rc8 14. Bxd6 Qxd6 15.
O-O O-O 16. Rad1 Rc7 17. Qb2 Nc8 18. Nf4 b5 19. Rc1 Bd7 20. Bb1 Ne7 21. Nd3 Ng6
22. Nc5 Bc8 23. Qc2 Re8 24. Rfd1 Rce7 25. Qb2 Nh4 26. Qe2 g6 27. Nd3 Nh7 28.
Ne5 Kg7 29. g3 f6 30. Ng4 Nf5 31. Qc2 Ng5 32. Kg2 h5 33. h4 hxg4 34. hxg5 Rxe3
35. gxf6+ Kxf6 36. Rd3 R3e7 37. Rdd1 Bd7 38. Qd3 Re3 39. fxe3 Qxg3+ 40. Kf1
Nxe3+ 41. Ke2 Qg2+ 0-1

[Event "CEDIS Festival saha 2024 - 3. turnir"]
[Site "Podgorica"]
[Date "2024.06.07"]
[Round "1.2"]
[White "Djukanovic, Sreten"]
[Black "Lakusic, Zoran"]
[Result "0-1"]
[WhiteElo "2086"]
[BlackElo "1800"]
[PlyCount "90"]
[EventDate "2024.06.07"]
[EventType "swiss"]
[EventRounds "5"]
[EventCountry "MNE"]
[SourceDate "2024.06.10"]

1. d4 Nf6 2. Nf3 e6 3. c4 d5 4. Nc3 Bb4 5. Qa4+ Nc6 6. Bg5 Bd7 7. Qc2 h6 8. Bh4
g5 9. Bg3 g4 10. Ne5 Nxd4 11. Qd3 Nf5 12. Nxd7 Nxd7 13. cxd5 Nxg3 14. hxg3
Bxc3+ 15. Qxc3 Qf6 16. Rc1 Qxc3+ 17. Rxc3 O-O-O 18. dxe6 fxe6 19. e3 Nf6 20.
Bc4 Rd6 21. Rd3 Rc6 22. Bb3 h5 23. f3 Rc1+ 24. Rd1 Rxd1+ 25. Kxd1 Kd7 26. Ke2
Ke7 27. e4 gxf3+ 28. gxf3 e5 29. g4 h4 30. Kf2 Nd7 31. Kg2 c6 32. Kh3 Nf8 33.
f4 exf4 34. g5 Ng6 35. Kg4 Rf8 36. Kh5 Ne5 37. Kh6 f3 38. g6 Rf6 39. Kg5 Nxg6
40. Bc4 Ne5 41. Bf1 f2 42. Be2 Rg6+ 43. Kf5 Rg1 44. Rxh4 Nf7 45. Rf4 Rg5# 0-1

[Event "CEDIS Festival saha 2024 - 3. turnir"]
[Site "Podgorica"]
[Date "2024.06.07"]
[Round "1.3"]
[White "Perazic, Dragutin"]
[Black "Lagashin, Pavel"]
[Result "0-1"]
[WhiteElo "1791"]
[BlackElo "2046"]
[PlyCount "92"]
[EventDate "2024.06.07"]
[EventType "swiss"]
[EventRounds "5"]
[EventCountry "MNE"]
[SourceDate "2024.06.10"]

1. d4 d5 2. Bf4 e6 3. Nf3 Bd6 4. Bg3 Nf6 5. Nbd2 c5 6. e3 Nc6 7. c3 Bxg3 8.
hxg3 Qd6 9. Bd3 h6 10. Qe2 O-O 11. O-O e5 12. dxe5 Nxe5 13. Nxe5 Qxe5 14. e4
Bg4 15. f3 Bh5 16. g4 Bg6 17. exd5 Qxe2 18. Bxe2 Nxd5 19. Rf2 Nf4 20. Bf1 Rfe8
21. g3 Nd3 22. Bxd3 Bxd3 23. Nb3 b6 24. Rd1 Bb5 25. Nc1 Re3 26. Kg2 Rae8 27. a3
g6 28. Rfd2 Bc6 29. Rf1 Kg7 30. Rff2 R8e6 31. Rde2 Bxf3+ 32. Rxf3 Rxe2+ 33.
Nxe2 Rxe2+ 34. Rf2 Rxf2+ 35. Kxf2 c4 36. Ke3 Kf6 37. Kd4 Kg5 38. Kxc4 Kxg4 39.
Kd3 Kxg3 40. c4 f5 41. Ke2 Kg2 42. Ke3 g5 43. b4 f4+ 44. Ke4 f3 45. c5 bxc5 46.
bxc5 f2 0-1

[Event "CEDIS Festival saha 2024 - 3. turnir"]
[Site "Podgorica"]
[Date "2024.06.07"]
[Round "1.4"]
[White "Abramovic, Dragoljub"]
[Black "Zizic, Djordje"]
[Result "1-0"]
[WhiteElo "2023"]
[BlackElo "1781"]
[PlyCount "51"]
[EventDate "2024.06.07"]
[EventType "swiss"]
[EventRounds "5"]
[EventCountry "MNE"]
[SourceDate "2024.06.10"]

1. d4 d5 2. Bf4 c5 3. e3 Nc6 4. Nf3 Bg4 5. c3 f6 6. h3 Bxf3 7. Qxf3 cxd4 8.
exd4 e5 9. dxe5 fxe5 10. Bg3 Qb6 11. Qxd5 Qxb2 12. Bc4 Nh6 13. Qe6+ Be7 14. O-O
Rd8 15. Bxe5 Nxe5 16. Qxe5 Kf8 17. Re1 Bd6 18. Qg5 Re8 19. Nd2 Re7 20. Ne4 Be5
21. Rab1 Qa3 22. Red1 Qa5 23. Rb5 Bh2+ 24. Kxh2 Qc7+ 25. Nd6 Qxd6+ 26. Rxd6 1-0

[Event "CEDIS Festival saha 2024 - 3. turnir"]
[Site "Podgorica"]
[Date "2024.06.07"]
[Round "1.5"]
[White "Mosurovic, Milena"]
[Black "Grbovic, Dino"]
[Result "1/2-1/2"]
[WhiteElo "1767"]
[BlackElo "1971"]
[PlyCount "75"]
[EventDate "2024.06.07"]
[EventType "swiss"]
[EventRounds "5"]
[EventCountry "MNE"]
[SourceDate "2024.06.10"]

1. e4 e5 2. Nf3 Nc6 3. d4 exd4 4. Nxd4 Nf6 5. Nc3 Bb4 6. Nxc6 bxc6 7. Bd3 d5 8.
exd5 O-O 9. O-O cxd5 10. h3 Be6 11. Bf4 Bd6 12. Qf3 Rb8 13. Nb5 Bxf4 14. Qxf4
c5 15. c4 dxc4 16. Bxc4 Bxc4 17. Qxc4 a6 18. Nc3 Qd4 19. Qe2 Rfe8 20. Qc2 c4
21. Rfd1 Qc5 22. Na4 Qb4 23. Rac1 Rbc8 24. Nc3 h6 25. Rd2 Rc6 26. Re2 Rxe2 27.
Qxe2 Re6 28. Qc2 Qe7 29. Qd2 Rd6 30. Qf4 Qc7 31. Qf3 Qd7 32. Rd1 Rxd1+ 33. Qxd1
Qxd1+ 34. Nxd1 Ne4 35. Kf1 f5 36. Ke2 Nc5 37. Ne3 Nd3 38. Nxc4 1/2-1/2

[Event "CEDIS Festival saha 2024 - 3. turnir"]
[Site "Podgorica"]
[Date "2024.06.07"]
[Round "1.6"]
[White "Sijaric, Alvir"]
[Black "Popovic, Milo"]
[Result "1-0"]
[WhiteElo "1926"]
[BlackElo "1417"]
[PlyCount "59"]
[EventDate "2024.06.07"]
[EventType "swiss"]
[EventRounds "5"]
[EventCountry "MNE"]
[SourceDate "2024.06.10"]

1. d4 d5 2. c4 c6 3. Nf3 Nf6 4. Qc2 a6 5. Bf4 dxc4 6. Qxc4 b5 7. Qc2 Nd5 8. Bg3
Bb7 9. Nbd2 e6 10. Rc1 Nd7 11. e4 Nb4 12. Qb1 c5 13. a3 Nc6 14. d5 exd5 15.
exd5 Ne7 16. d6 Nc8 17. Bd3 Bxd6 18. O-O Bxg3 19. hxg3 c4 20. Bxh7 Qf6 21.
Rfe1+ Kf8 22. Be4 Qh6 23. Kf1 Qb6 24. b3 Rb8 25. bxc4 Nd6 26. Bxb7 Qxb7 27. c5
Rh1+ 28. Ng1 Rh2 29. c6 Qa8 30. Qb4 1-0

[Event "CEDIS Festival saha 2024 - 3. turnir"]
[Site "Podgorica"]
[Date "2024.06.08"]
[Round "2.1"]
[White "Milosevic, Aleksandar"]
[Black "Milovic, Ilija"]
[Result "1-0"]
[WhiteElo "2116"]
[BlackElo "1912"]
[PlyCount "117"]
[EventDate "2024.06.07"]
[EventType "swiss"]
[EventRounds "5"]
[EventCountry "MNE"]
[SourceDate "2024.06.10"]

1. d4 d5 2. Nc3 Nf6 3. Bf4 c5 4. e4 cxd4 5. Qxd4 Nc6 6. Bb5 Bd7 7. Bxc6 Bxc6 8.
e5 Qb6 9. Nf3 Qxd4 10. Nxd4 Nd7 11. e6 fxe6 12. Nxe6 Kf7 13. Ng5+ Kf6 14. O-O
e5 15. Bd2 h6 16. Nf3 Bc5 17. b4 Bxb4 18. Nxd5+ Bxd5 19. Bxb4 Bxf3 20. gxf3 Nb6
21. Rad1 Rhd8 22. Rfe1 Nd5 23. Ba3 Nb6 24. f4 Rxd1 25. fxe5+ Kf5 26. Rxd1 Kxe5
27. Kf1 Kf6 28. Bc5 Rc8 29. Bd4+ Kf7 30. c3 Rc6 31. Rb1 g5 32. Ke2 Ke6 33. Kd3
Kf5 34. h3 Kf4 35. a4 Kf3 36. a5 Nd5 37. Rxb7 Nf4+ 38. Kd2 Nxh3 39. Rxa7 Nf4
40. Rg7 Re6 41. Be3 Rd6+ 42. Kc2 Kg4 43. Rh7 h5 44. c4 h4 45. Bb6 Nh5 46. f3+
Kxf3 47. Rxh5 Rg6 48. Bd8 Kg4 49. Rh8 h3 50. Kb3 Kg3 51. Kb4 Kg2 52. Bc7 g4 53.
Kb5 g3 54. Bxg3 Rxg3 55. c5 h2 56. Rxh2+ Kxh2 57. c6 Rb3+ 58. Kc4 Ra3 59. c7
1-0

[Event "CEDIS Festival saha 2024 - 3. turnir"]
[Site "Podgorica"]
[Date "2024.06.08"]
[Round "2.3"]
[White "Zivkovic, Slaven"]
[Black "Abramovic, Dragoljub"]
[Result "0-1"]
[WhiteElo "1924"]
[BlackElo "2023"]
[PlyCount "78"]
[EventDate "2024.06.07"]
[EventType "swiss"]
[EventRounds "5"]
[EventCountry "MNE"]
[SourceDate "2024.06.10"]

1. e4 e6 2. d4 d5 3. Nc3 Bb4 4. Nge2 dxe4 5. a3 Be7 6. Nxe4 b6 7. N2c3 Nf6 8.
Be2 Ba6 9. Bxa6 Nxa6 10. O-O c6 11. Be3 Nc7 12. Nxf6+ Bxf6 13. Ne4 O-O 14. c4
Ne8 15. Nxf6+ Nxf6 16. Qf3 Qd7 17. Rad1 Ne8 18. Qg3 Nd6 19. b3 Rad8 20. Qf3 Nf5
21. g4 Nxe3 22. fxe3 Qe7 23. b4 Qg5 24. Qf4 Qg6 25. Rf2 Rfe8 26. Rdf1 f6 27. h4
e5 28. dxe5 Rxe5 29. Kh2 Re4 30. Qc7 Rde8 31. Rf4 Rxe3 32. Qxc6 Rxa3 33. h5 Qf7
34. R1f3 Ra2+ 35. Kg3 Qe7 36. h6 Qe1+ 37. Rf2 Rxf2 38. Rxf2 Qe5+ 39. Rf4 g5 0-1

[Event "CEDIS Festival saha 2024 - 3. turnir"]
[Site "Podgorica"]
[Date "2024.06.08"]
[Round "2.4"]
[White "Lakusic, Zoran"]
[Black "Sijaric, Alvir"]
[Result "0-1"]
[WhiteElo "1800"]
[BlackElo "1926"]
[PlyCount "64"]
[EventDate "2024.06.07"]
[EventType "swiss"]
[EventRounds "5"]
[EventCountry "MNE"]
[SourceDate "2024.06.10"]

1. a3 d5 2. e3 e5 3. Nf3 Bd6 4. c4 c6 5. Nc3 Nf6 6. Qa4 O-O 7. cxd5 cxd5 8. Be2
Nc6 9. b4 e4 10. Ng5 h6 11. b5 Ne5 12. Nh3 Bxh3 13. gxh3 Qd7 14. Qb3 Bc7 15.
Bb2 Rfd8 16. O-O-O Qxh3 17. Rdg1 Rac8 18. Kb1 Qf5 19. Rg2 g6 20. Rhg1 Nf3 21.
Rd1 d4 22. Bxf3 exf3+ 23. e4 Qh5 24. Rdg1 fxg2 25. Nd5 Nxd5 26. exd5 Qxd5 27.
Qh3 Bf4 28. Rxg2 Bxd2 29. f4 Bxf4 30. Rg4 Qf5+ 31. Ka2 h5 32. Rh4 Qxh3 0-1

[Event "CEDIS Festival saha 2024 - 3. turnir"]
[Site "Podgorica"]
[Date "2024.06.08"]
[Round "2.5"]
[White "Grbovic, Dino"]
[Black "Svrkota, Milos"]
[Result "1-0"]
[WhiteElo "1971"]
[BlackElo "1762"]
[PlyCount "107"]
[EventDate "2024.06.07"]
[EventType "swiss"]
[EventRounds "5"]
[EventCountry "MNE"]
[SourceDate "2024.06.10"]

1. e4 e5 2. Nc3 Nc6 3. Nf3 Nf6 4. Bb5 d6 5. d4 exd4 6. Qxd4 Bd7 7. Bxc6 Bxc6 8.
Bg5 Be7 9. O-O-O h6 10. Bh4 O-O 11. e5 dxe5 12. Qxe5 Bd6 13. Qf5 Qd7 14. Nd4
Qxf5 15. Nxf5 Bf4+ 16. Kb1 Ne4 17. Ne7+ Kh7 18. Nxe4 Bxe4 19. Rd4 f5 20. f3 Be5
21. Rd7 Bc6 22. Nxc6 bxc6 23. c3 Bd6 24. Kc2 Rae8 25. Kd3 f4 26. Re1 Rxe1 27.
Bxe1 Re8 28. Bf2 c5 29. b4 cxb4 30. cxb4 Bxb4 31. Bd4 Re7 32. Rxe7 Bxe7 33.
Bxa7 g5 34. Bb8 Bd8 35. Kc4 h5 36. a4 Kg6 37. a5 c6 38. a6 Bb6 39. Bd6 Ba7 40.
Bc5 Bb8 41. Bb6 g4 42. Kc5 gxf3 43. gxf3 Kg5 44. Bd8+ Kf5 45. Kxc6 Ba7 46. Bb6
Kg5 47. Bd8+ Kf5 48. Kb7 Be3 49. Bb6 Kg5 50. a7 Bxb6 51. Kxb6 Kh4 52. a8=Q Kh3
53. Qh8 h4 54. Qh5 1-0

[Event "CEDIS Festival saha 2024 - 3. turnir"]
[Site "Podgorica"]
[Date "2024.06.08"]
[Round "2.6"]
[White "Milovic, Sofija"]
[Black "Mosurovic, Milena"]
[Result "0-1"]
[WhiteElo "1662"]
[BlackElo "1767"]
[PlyCount "120"]
[EventDate "2024.06.07"]
[EventType "swiss"]
[EventRounds "5"]
[EventCountry "MNE"]
[SourceDate "2024.06.10"]

1. e4 c6 2. d4 d5 3. exd5 cxd5 4. c4 Nf6 5. Nc3 e6 6. Nf3 Be7 7. Bd3 dxc4 8.
Bxc4 O-O 9. O-O Nc6 10. h3 b6 11. Re1 Bb7 12. Be3 Rc8 13. Qe2 Nb4 14. b3 Nbd5
15. Nxd5 Nxd5 16. Bd2 Nf6 17. Ng5 Bd5 18. Rac1 h6 19. Bxd5 Qxd5 20. Nf3 Qb7 21.
Ne5 Ba3 22. Rxc8 Rxc8 23. Nc4 Be7 24. Bf4 b5 25. Ne5 Bb4 26. Bd2 Bxd2 27. Qxd2
Qd5 28. Nf3 Qc6 29. Ne5 Qc2 30. Re2 Qxd2 31. Rxd2 Kf8 32. f3 Ke7 33. Kf2 Nd5
34. Ke2 f6 35. Ng4 h5 36. Ne3 Nf4+ 37. Kf2 Kd6 38. h4 Nd5 39. Nxd5 Kxd5 40. Ke3
g5 41. hxg5 fxg5 42. Kd3 b4 43. Ke2 a5 44. g3 Rh8 45. Kd3 h4 46. Rh2 h3 47. g4
Rc8 48. Rxh3 Rc3+ 49. Kd2 Kxd4 50. Rg3 Ke5 51. f4+ Kxf4 52. Rxc3 bxc3+ 53. Kxc3
e5 54. Kd3 Kxg4 55. Ke3 Kh3 56. Kf3 e4+ 57. Kf2 g4 58. a3 Kh2 59. b4 g3+ 60.
Ke3 axb4 0-1

[Event "CEDIS Festival saha 2024 - 3. turnir"]
[Site "Podgorica"]
[Date "2024.06.08"]
[Round "2.7"]
[White "Zizic, Djordje"]
[Black "Djukanovic, Sreten"]
[Result "0-1"]
[WhiteElo "1781"]
[BlackElo "2086"]
[PlyCount "108"]
[EventDate "2024.06.07"]
[EventType "swiss"]
[EventRounds "5"]
[EventCountry "MNE"]
[SourceDate "2024.06.10"]

1. e4 c5 2. Nf3 a6 3. c4 Nc6 4. Nc3 g6 5. d4 cxd4 6. Nxd4 Bg7 7. Be3 d6 8. Nd5
Ne5 9. Nf3 Nd7 10. Qa4 Kf8 11. c5 e6 12. Nb6 Nxb6 13. cxb6 Bxb2 14. Rd1 Bc3+
15. Nd2 Bd7 16. Qa3 Rc8 17. Bd4 Bxd4 18. Qxd6+ Qe7 19. Qxd4 e5 20. Qe3 Ba4 21.
Rb1 Kg7 22. Be2 Nf6 23. O-O Rc5 24. Rb4 Bd7 25. Rc4 Rhc8 26. Rfc1 Rxc4 27. Rxc4
Rxc4 28. Bxc4 Qb4 29. a3 Qb2 30. h3 Bc6 31. f3 Nd7 32. Bb3 Qxa3 33. Nc4 Qb4 34.
f4 Qc5 35. Qxc5 Nxc5 36. Nxe5 Bxe4 37. Bxf7 Na4 38. Nc4 Nxb6 39. Bxg6 Nxc4 40.
Bxe4 Nd6 41. Bd3 a5 42. Kf1 a4 43. Bc2 a3 44. Bb3 Ne4 45. Ke2 a2 46. Bxa2 Nc3+
47. Kd3 Nxa2 48. Kc4 Nc1 49. g4 Ne2 50. f5 Ng1 51. h4 Nf3 52. h5 Ne5+ 53. Kb5
Nxg4 54. Kb6 Kf6 0-1

[Event "CEDIS Festival saha 2024 - 3. turnir"]
[Site "Podgorica"]
[Date "2024.06.08"]
[Round "2.8"]
[White "Popovic, Milo"]
[Black "Doderovic, Aleksa"]
[Result "0-1"]
[WhiteElo "1417"]
[BlackElo "1825"]
[PlyCount "74"]
[EventDate "2024.06.07"]
[EventType "swiss"]
[EventRounds "5"]
[EventCountry "MNE"]
[SourceDate "2024.06.10"]

1. e4 d6 2. d4 Nf6 3. Nc3 g6 4. f4 Bg7 5. Nf3 O-O 6. e5 dxe5 7. dxe5 Qxd1+ 8.
Kxd1 Ng4 9. Ke1 c6 10. h3 Nh6 11. Bd3 f6 12. Bc4+ Nf7 13. exf6 exf6 14. g4 b5
15. Bb3 a5 16. a3 Ra7 17. Be3 Re7 18. Kf2 Rfe8 19. Bc5 Rd7 20. Rhe1 Red8 21.
Rad1 a4 22. Rxd7 Nxd7 23. Bxf7+ Kxf7 24. Re7+ Kg8 25. Bd6 Bf8 26. Re6 Nc5 27.
Bxf8 Nxe6 28. Be7 Re8 29. Bxf6 Nxf4 30. Nd4 Bd7 31. Kg3 Ne6 32. Nf3 Nc5 33. Ne5
Re6 34. g5 Be8 35. Ne2 Ne4+ 36. Kf4 Nxf6 37. gxf6 Rxf6+ 0-1

[Event "CEDIS Festival saha 2024 - 3. turnir"]
[Site "Podgorica"]
[Date "2024.06.08"]
[Round "3.1"]
[White "Abramovic, Dragoljub"]
[Black "Milosevic, Aleksandar"]
[Result "0-1"]
[WhiteElo "2023"]
[BlackElo "2116"]
[PlyCount "162"]
[EventDate "2024.06.07"]
[EventType "swiss"]
[EventRounds "5"]
[EventCountry "MNE"]
[SourceDate "2024.06.10"]

1. d4 d5 2. Bf4 Nf6 3. Nf3 Bf5 4. e3 e6 5. Bd3 Bxd3 6. Qxd3 c6 7. Nbd2 Nbd7 8.
O-O Nh5 9. Be5 f6 10. Bg3 Nxg3 11. hxg3 f5 12. c4 Bd6 13. cxd5 cxd5 14. Rac1 h5
15. Nb3 b6 16. Rc6 Qe7 17. Rfc1 O-O 18. Nh4 Kh7 19. f4 Nf6 20. Nd2 Rad8 21. Qe2
Qd7 22. Nhf3 Rc8 23. Ng5+ Kg8 24. Rxc8 Rxc8 25. Qd1 Ng4 26. Nf1 Be7 27. Nf3 Bd6
28. Rc2 b5 29. Qc1 Rc4 30. b3 Ba3 31. Qd1 Rc7 32. Qd3 a6 33. Ng5 Rc6 34. Nf3
Qc7 35. Ne1 Bb4 36. Rxc6 Qxc6 37. Nc2 Ba5 38. Nd2 Nf6 39. b4 Bd8 40. Nb3 Ne4
41. Nc5 a5 42. Na3 axb4 43. Qxb5 Qxb5 44. Nxb5 Kf7 45. Nd3 Be7 46. Ne5+ Kf6 47.
Kf1 Nxg3+ 48. Ke1 h4 49. Nd7+ Kf7 50. Ne5+ Kf6 51. Nd7+ Kg6 52. Ne5+ Kh7 53.
Kd2 g5 54. fxg5 Bxg5 55. Nf3 Ne4+ 56. Kd3 Be7 57. Nc7 Bd6 58. Nxe6 Nf2+ 59. Ke2
Ne4 60. Neg5+ Kg6 61. Nxe4 fxe4 62. Nd2 Kf5 63. Nb3 Kg4 64. Kf2 Bg3+ 65. Ke2
Bd6 66. Kf2 Be7 67. Nd2 Bg5 68. Nf1 Kf5 69. Ke2 Ke6 70. Kd2 Kd6 71. Ke2 Kc6 72.
Nd2 Kb5 73. Kf2 Ka4 74. Nb1 Bd8 75. Ke2 Ba5 76. Nd2 Ka3 77. Kd1 Kxa2 78. Kc2
Bd8 79. Nb3 Bg5 80. Nc1+ Ka3 81. Ne2 Bxe3 0-1

[Event "CEDIS Festival saha 2024 - 3. turnir"]
[Site "Podgorica"]
[Date "2024.06.08"]
[Round "3.2"]
[White "Sijaric, Alvir"]
[Black "Lagashin, Pavel"]
[Result "0-1"]
[WhiteElo "1926"]
[BlackElo "2046"]
[PlyCount "84"]
[EventDate "2024.06.07"]
[EventType "swiss"]
[EventRounds "5"]
[EventCountry "MNE"]
[SourceDate "2024.06.10"]

1. d4 Nf6 2. c4 c5 3. d5 b5 4. a4 bxc4 5. Nc3 d6 6. e4 Ba6 7. f4 Nbd7 8. Nf3
Qb8 9. Qe2 Qb4 10. Kf2 Ng4+ 11. Kg1 g6 12. h3 Nh6 13. g4 f6 14. e5 fxe5 15.
fxe5 Nxe5 16. Nxe5 dxe5 17. Qxe5 Nf7 18. Qe2 Bg7 19. Ra3 Bd4+ 20. Kg2 O-O 21.
h4 Ne5 22. Nd1 Bb7 23. Rhh3 Bxd5+ 24. Kh2 Qb8 25. Bg2 Nd3+ 26. Kh1 Bxg2+ 27.
Qxg2 Nxc1 28. Qd5+ Kg7 29. Raf3 Qb4 30. Qe4 Rae8 31. h5 Qxa4 32. b3 Qd7 33.
bxc4 Rf6 34. g5 Re6 35. Qf4 Re1+ 36. Kg2 e6 37. Nf2 Ne2 38. Qh4 Rg1+ 39. Kh2
Be5+ 40. Rhg3 Rxg3 41. Qe4 Rxg5+ 42. Kh3 Ng1+ 0-1

[Event "CEDIS Festival saha 2024 - 3. turnir"]
[Site "Podgorica"]
[Date "2024.06.08"]
[Round "3.3"]
[White "Djukanovic, Sreten"]
[Black "Grbovic, Dino"]
[Result "1/2-1/2"]
[WhiteElo "2086"]
[BlackElo "1971"]
[PlyCount "94"]
[EventDate "2024.06.07"]
[EventType "swiss"]
[EventRounds "5"]
[EventCountry "MNE"]
[SourceDate "2024.06.10"]

1. d4 Nf6 2. c4 g6 3. Nc3 d5 4. Nf3 Bg7 5. e3 O-O 6. cxd5 Nxd5 7. Qb3 Nxc3 8.
bxc3 c5 9. Be2 Nc6 10. O-O Qc7 11. Rd1 Rd8 12. Ba3 Be6 13. Qc2 cxd4 14. cxd4
Rac8 15. Qb2 Bd5 16. Rac1 Qb8 17. Qb1 f5 18. Bc4 Bxc4 19. Rxc4 Bf6 20. h4 b5
21. Rc5 b4 22. Qb3+ Kg7 23. Bb2 Qd6 24. Rdc1 e6 25. Qc4 Ne7 26. Qxb4 Nd5 27.
Qa4 Rb8 28. Ba3 Rb7 29. Rc6 Qd7 30. Qa6 Rb6 31. Rxb6 axb6 32. Ne5 Bxe5 33. dxe5
Rb8 34. Bd6 Qb7 35. Qc4 b5 36. Qb3 Ra8 37. Rc5 b4 38. Qc4 Qa6 39. Rc7+ Nxc7 40.
Qxc7+ Kh6 41. Qe7 Qxa2 42. Qg5+ Kg7 43. Qf6+ Kh6 44. Bf8+ Rxf8 45. Qxf8+ Kh5
46. Qxb4 Qa1+ 47. Kh2 Qxe5+ 1/2-1/2

[Event "CEDIS Festival saha 2024 - 3. turnir"]
[Site "Podgorica"]
[Date "2024.06.08"]
[Round "3.4"]
[White "Mosurovic, Milena"]
[Black "Zivkovic, Slaven"]
[Result "0-1"]
[WhiteElo "1767"]
[BlackElo "1924"]
[PlyCount "62"]
[EventDate "2024.06.07"]
[EventType "swiss"]
[EventRounds "5"]
[EventCountry "MNE"]
[SourceDate "2024.06.10"]

1. e4 e5 2. Nf3 Nc6 3. d4 exd4 4. Nxd4 Nf6 5. Nc3 Bb4 6. Nxc6 bxc6 7. Bd3 d5 8.
exd5 O-O 9. O-O Bg4 10. f3 Bh5 11. dxc6 Qd4+ 12. Kh1 Bxc3 13. bxc3 Qxc3 14. Bg5
Qxc6 15. Qd2 Rfe8 16. Qa5 Bg6 17. Bxf6 gxf6 18. Qd2 Rad8 19. Rfd1 Qc5 20. Qf4
Kg7 21. h3 Re5 22. Bxg6 Rxd1+ 23. Rxd1 hxg6 24. Rd2 Re1+ 25. Kh2 Qg1+ 26. Kg3
Re5 27. h4 g5 28. Qd4 gxh4+ 29. Qxh4 Rg5+ 30. Kf4 Qc5 31. Qe1 Qb4+ 0-1

[Event "CEDIS Festival saha 2024 - 3. turnir"]
[Site "Podgorica"]
[Date "2024.06.08"]
[Round "3.7"]
[White "Doderovic, Aleksa"]
[Black "Milovic, Sofija"]
[Result "1-0"]
[WhiteElo "1825"]
[BlackElo "1662"]
[PlyCount "77"]
[EventDate "2024.06.07"]
[EventType "swiss"]
[EventRounds "5"]
[EventCountry "MNE"]
[SourceDate "2024.06.10"]

1. d4 Nf6 2. c4 e6 3. Nc3 Bb4 4. Qc2 O-O 5. a3 Be7 6. e4 b6 7. e5 Ne8 8. Bd3 h6
9. Be4 c6 10. g4 d5 11. cxd5 cxd5 12. Bh7+ Kh8 13. Bd3 Nc7 14. Nf3 Nc6 15. h4
Bb7 16. h5 f6 17. Nh4 Kg8 18. Bh7+ Kh8 19. Ng6+ Kxh7 20. Nxe7+ f5 21. Nxc6 Bxc6
22. gxf5 Rxf5 23. Ne2 Kh8 24. Qxc6 Rc8 25. Be3 Qf8 26. Rc1 Rf3 27. Kd2 Qe7 28.
Rc3 Rf7 29. Rhc1 Kh7 30. Qb7 Qd8 31. Nf4 Re7 32. Ng6 Rf7 33. Qxa7 Kg8 34. Qb7
Rd7 35. Nf4 Kf7 36. Qc6 Qe8 37. b4 Ra8 38. Qxd7+ Qxd7 39. Rxc7 1-0

[Event "CEDIS Festival saha 2024 - 3. turnir"]
[Site "Podgorica"]
[Date "2024.06.08"]
[Round "3.8"]
[White "Svrkota, Milos"]
[Black "Zizic, Djordje"]
[Result "0-1"]
[WhiteElo "1762"]
[BlackElo "1781"]
[PlyCount "82"]
[EventDate "2024.06.07"]
[EventType "swiss"]
[EventRounds "5"]
[EventCountry "MNE"]
[SourceDate "2024.06.10"]

1. e4 c5 2. Nf3 d6 3. d4 cxd4 4. Nxd4 Nf6 5. Nc3 a6 6. f3 e5 7. Nb3 Be6 8. Be3
Be7 9. Qd2 O-O 10. O-O-O Nbd7 11. g4 b5 12. g5 Nh5 13. Kb1 Qc7 14. f4 exf4 15.
Bxf4 Nxf4 16. Qxf4 b4 17. Nd5 Bxd5 18. exd5 a5 19. Nd4 Ne5 20. Bb5 a4 21. Bc6
Ra5 22. Rhe1 a3 23. b3 Rc8 24. Re3 Rc5 25. Rc1 Qa7 26. c3 Rxc3 27. Rcxc3 bxc3
28. Rxc3 Bxg5 29. Qf5 Rb8 30. Nf3 Bf6 31. Bb5 Qb7 32. Bc4 Nxf3 33. Rxf3 Qe7 34.
Rf1 Qe5 35. Qxe5 Bxe5 36. h3 Bg3 37. Kc2 Re8 38. Kd2 Re4 39. Rf3 Be5 40. Re3
Bf4 41. Kd3 Rxe3+ 0-1

[Event "CEDIS Festival saha 2024 - 3. turnir"]
[Site "Podgorica"]
[Date "2024.06.09"]
[Round "4.1"]
[White "Milosevic, Aleksandar"]
[Black "Lagashin, Pavel"]
[Result "1/2-1/2"]
[WhiteElo "2116"]
[BlackElo "2046"]
[PlyCount "83"]
[EventDate "2024.06.07"]
[EventType "swiss"]
[EventRounds "5"]
[EventCountry "MNE"]
[SourceDate "2024.06.10"]

1. d4 d5 2. Nc3 Nf6 3. Bf4 c5 4. e4 Nxe4 5. Nxe4 dxe4 6. dxc5 Nd7 7. Qd4 e5 8.
Qxe4 Be7 9. Be3 Qa5+ 10. c3 Nxc5 11. Qc4 Be6 12. Qb5+ Qxb5 13. Bxb5+ Bd7 14.
Bxd7+ Kxd7 15. Nf3 Nd3+ 16. Ke2 e4 17. Nd2 f5 18. f3 Nxb2 19. fxe4 fxe4 20. a4
Kc6 21. Rhb1 Nd3 22. Nxe4 Rad8 23. Rb5 Rhf8 24. g3 b6 25. Rh5 h6 26. Bd4 Nc5
27. Re5 Rde8 28. Re1 Nxe4 29. Rxe4 Bc5 30. Kd3 Rxe4 31. Rxe4 Bxd4 32. Kxd4 Kd6
33. h4 Rf5 34. Kc4 h5 35. g4 Rc5+ 36. Kb3 Re5 37. Rf4 Ke6 38. gxh5 Rxh5 39. Rc4
Kd6 40. Rg4 a5 41. Rg6+ Kc5 42. Rxg7 1/2-1/2

[Event "CEDIS Festival saha 2024 - 3. turnir"]
[Site "Podgorica"]
[Date "2024.06.09"]
[Round "4.2"]
[White "Lakusic, Zoran"]
[Black "Abramovic, Dragoljub"]
[Result "0-1"]
[WhiteElo "1800"]
[BlackElo "2023"]
[PlyCount "96"]
[EventDate "2024.06.07"]
[EventType "swiss"]
[EventRounds "5"]
[EventCountry "MNE"]
[SourceDate "2024.06.10"]

1. a3 d5 2. Nf3 Bg4 3. e3 c6 4. Be2 Nf6 5. b3 Nbd7 6. Bb2 e6 7. d3 Be7 8. Nbd2
O-O 9. h3 Bh5 10. g4 Bg6 11. g5 Ne8 12. h4 Bh5 13. Ne5 Bxe2 14. Qxe2 Nxe5 15.
Bxe5 f6 16. gxf6 Bxf6 17. f4 Bxh4+ 18. Kd1 Bf6 19. Nf3 c5 20. Kd2 c4 21. Rxh7
Kxh7 22. Rh1+ Kg8 23. Qh2 Kf7 24. Qh7 Ke7 25. f5 cxb3 26. Bxf6+ Rxf6 27. Nd4
Qa5+ 28. Ke2 Rc8 29. cxb3 e5 30. Rg1 exd4 31. Rxg7+ Nxg7 32. Qxg7+ Rf7 33. f6+
Ke6 34. Qg4+ Kxf6 35. Qxc8 Qc7 36. Qh8+ Ke7 37. Qh4+ Kd6 38. Qh6+ Kd7 39. Qh3+
Kc6 40. Qe6+ Kb5 41. Qxd5+ Ka6 42. Qc4+ Qxc4 43. bxc4 Re7 44. e4 b5 45. cxb5+
Kxb5 46. Kf3 Ka4 47. Kf4 Kxa3 48. e5 Kb3 0-1

[Event "CEDIS Festival saha 2024 - 3. turnir"]
[Site "Podgorica"]
[Date "2024.06.09"]
[Round "4.3"]
[White "Grbovic, Dino"]
[Black "Milovic, Ilija"]
[Result "1-0"]
[WhiteElo "1971"]
[BlackElo "1912"]
[PlyCount "69"]
[EventDate "2024.06.07"]
[EventType "swiss"]
[EventRounds "5"]
[EventCountry "MNE"]
[SourceDate "2024.06.10"]

1. d4 d5 2. c4 e6 3. Nf3 Nf6 4. g3 Be7 5. Bg2 O-O 6. O-O dxc4 7. Qc2 a6 8. a4
Bd7 9. Qxc4 Bc6 10. Bg5 Bd5 11. Qc2 Be4 12. Qc1 h6 13. Bxf6 Bxf6 14. Rd1 Nc6
15. Nbd2 Nxd4 16. Nxd4 Bxg2 17. Nxe6 fxe6 18. Kxg2 c6 19. Ne4 Qb6 20. Qc4 Kh8
21. a5 Qc7 22. Nc5 Rf7 23. Nxe6 Qe7 24. Nf4 Kg8 25. Ng6 Qc7 26. Ra3 Re8 27.
Rad3 Kh7 28. Qc2 Kg8 29. b4 Rc8 30. Qc4 Kh7 31. Qe4 Kg8 32. Qe6 Kh7 33. Rd7
Rxd7 34. Rxd7 Kxg6 35. Qf7+ 1-0